00376 a2200109 4500001001000000005001700010008004100027245003800068100002100106773012200127999001700249ART_4323620260410161737.0260409a 10aLa solidez del sistema financiero1 aFischer, Stanley0 tEjecutivos de finanzasgLiderazgo ejecutivo. Cambios...en el cambio de siglo - Año 13, Nº 139 (sep. 1997)wREV2863 c18436d18436